| 000 | 01242cam a2200433 4500 | ||
|---|---|---|---|
| 003 | PE-LiUPU | ||
| 005 | 20250731173137.0 | ||
| 020 | _a0962429112 | ||
| 035 | _a(Sirsi) i9780962429118 | ||
| 035 | _a(Sirsi) 28098 | ||
| 035 | _a(Sirsi) 28098 | ||
| 041 | _aen | ||
| 044 | _aus | ||
| 082 | 0 | 4 |
_a286.732 _bH27 |
| 100 | 1 | _aHawley, Don | |
| 245 |
_aSet free! / _cDon Hawley. |
||
| 264 | 1 |
_aClackamas, Oregon : _bBetter Living Publishers, _c1990 |
|
| 300 |
_a404 páginas ; _c21 cm. |
||
| 505 | 0 | _aTearing away the veil. Problem areas. Spiritual frontiers. | |
| 521 | _aEstudiantes de teología | ||
| 526 | _aSEG42 | ||
| 526 | _aSEG41 | ||
| 526 | _aSEG40 | ||
| 526 | _aSEG39 | ||
| 526 | _aP94 | ||
| 526 | _aP87 | ||
| 526 | _aP86 | ||
| 526 | _aP85 | ||
| 526 | _aP77 | ||
| 526 | _aP76 | ||
| 526 | _aP35 | ||
| 650 | 1 | 4 |
_aIASD _xDoctrinas |
| 942 |
_2ddc _cBOOK |
||
| 949 |
_a286.732 H27 _i52336 _lPOSTGRADO _mBUL _tLIBRO _o.STAFF. Posgrado |
||
| 910 |
_aaj _bdr _cop _d20030811 |
||
| 596 | _a1 | ||
| 999 |
_a286.732 H27 _wDEWEY _c34158 _i52336 _f2021-11-11 _g6 _lCCODEBUL1 _mBUL _p9.00 _r0 _sY _tBOOK _u2015-6-24 _xTEOLOGIA _PP35 _0COMPRA _o.STAFF. Colección General _d34158 |
||
| 980 |
_81 _gALBERTO SANCHEZ Responsable de Automatización |
||